Conflicto en Lucas: Jesús, autoridades, discipulos
Uloženo v:
| Hlavní autor: | |
|---|---|
| Médium: | Kniha |
| Jazyk: | španělština |
| Vydáno: |
Córdoba
El Almendro
1992
|
| Edice: | En Torno al Nuevo Testamento, 25
|
| Témata: | |
| Tagy: |
Přidat tag
Žádné tagy, Buďte první, kdo vytvoří štítek k tomuto záznamu!
|
MARC
| LEADER | 00000nam a2200000 a 4500 | ||
|---|---|---|---|
| 001 | UCY0059 | ||
| 003 | CL-VaPUC | ||
| 008 | 940708e19920000SP |||||||||||||||||spa|d | ||
| 020 | |a 8480050020 | ||
| 082 | 0 | 4 | |a 226.4 |b KIN |2 21 |
| 100 | |a Kingsbury, Jack Dean |e author |9 327649 | ||
| 245 | 1 | 0 | |a Conflicto en Lucas: Jesús, autoridades, discipulos |
| 300 | |a 236 p | ||
| 942 | |c BK | ||
| 945 | |d 19940708 00:00:00 |a aalvarez | ||
| 260 | |a Córdoba |b El Almendro |c 1992 | ||
| 650 | 0 | |a Biblia |9 257603 | |
| 650 | 0 | |a Nuevo testamento |9 257604 | |
| 650 | 0 | |a Crítica e interpretación |9 255042 | |
| 650 | 0 | |a Autoridad |x Biblia |9 327646 | |
| 583 | |a last modification |c 19940708 00:00:00 |k Rodrigo Vera | ||
| 490 | 0 | |a En Torno al Nuevo Testamento, 25 | |
| 999 | |c 229149 |d 229147 | ||
| 952 | |0 0 |1 0 |4 0 |6 226_400000000000000_KIN_1992 |7 0 |8 A |9 229773 |a BIBTEO |b BIBTEO |d 2019-11-15 |i 2991381 |o 226.4 KIN 1992 |p 2991381 |r 2025-01-17 |w 2019-11-15 |y BK |k ICR | ||